00266nam a2200085Ia 4500008004100000100000900041245009600050260002600146300000800172190216s9999||||xx |||||||||||||| ||und|| aNull 0a"Employee`S Provident Fund Family Pension Fund And Deposit Linked Insurance Fund Act, 1952" bAgra Book Stallc1978 a26p